Online
Catalog

La casa sosegada / (Record no. 56950)

MARC details
000 -CABECERA
campo de control de longitud fija 01663nam a2200277 i 4500
003 - IDENTIFICADOR DEL NÚMERO DE CONTROL
campo de control DO-SdBNP
005 - FECHA Y HORA DE LA ÚLTIMA TRANSACCIÓN
campo de control 20240624150831.0
007 - CAMPO FIJO DE DESCRIPCIÓN FÍSICA--INFORMACIÓN GENERAL
campo de control de longitud fija ta
008 - DATOS DE LONGITUD FIJA--INFORMACIÓN GENERAL
campo de control de longitud fija 240624s2003 sp 000 j spa d
020 ## - NÚMERO INTERNACIONAL ESTÁNDAR DEL LIBRO
Número Internacional Estándar del Libro 8408039687
040 ## - FUENTE DE LA CATALOGACIÓN
Centro catalogador/agencia de origen DO-SdBNP
Lengua de catalogación spa
Centro/agencia transcriptor BNPHU
Normas de descripción rda
082 ## - NÚMERO DE LA CLASIFICACIÓN DECIMAL DEWEY
Número de documento/Ítem G146
Número de edición 22
100 ## - ENTRADA PRINCIPAL--NOMBRE DE PERSONA
Nombre de persona Gala, Antonio,
Fechas asociadas al nombre 1936-
9 (RLIN) 17649
Término indicativo de función/relación autor
245 13 - MENCIÓN DE TÍTULO
Título La casa sosegada /
Mención de responsabilidad, etc. Antonio Gala
264 #1 - PRODUCCIÓN, PUBLICACIÓN, DISTRIBUCIÓN, FABRICACIÓN Y COPYRIGHT
Producción, publicación, distribución, fabricación y copyright Barcelona, España :
Nombre del de productor, editor, distribuidor, fabricante Planeta,
Fecha de producción, publicación, distribución, fabricación o copyright 2003.
300 ## - DESCRIPCIÓN FÍSICA
Extensión 312 páginas,
Dimensiones 18 cm.
336 ## - TIPO DE CONTENIDO
Fuente rdacontent
Término de tipo de contenido texto
Código de tipo de contenido txt
337 ## - TIPO DE MEDIO
Fuente rdamedia
Nombre/término del tipo de medio sin mediación
Código del tipo de medio n
338 ## - TIPO DE SOPORTE
Fuente rdacarrier
Nombre/término del tipo de soporte volumen
Código del tipo de soporte nc
490 1# - MENCIÓN DE SERIE
Mención de serie Biblioteca Antonio Gala
490 1# - MENCIÓN DE SERIE
Mención de serie Booket
-- Divulgación
Designación de volumen o secuencia 5001
521 ## - NOTA DE PÚBLICO DESTINATARIO
Nota de público destinatario «Aquí podrá hacerse todo lo que se sienta de verdad; cuanto se desee decir de verdad podrá ser dicho. No hay precios, no hay ofensas: en consecuencia, todo es bueno. Dentro del hogar, al anochecer, habitamos en el ojo del huracán. Persisten alrededor la ambición, las tormentas, las corrupciones, los duros fantasmas del día y de la noche; pero aquí hemos obtenido la serenidad. Una serenidad empapada de vida, que es movimiento interior: no quietud, no pasividad. De ahí que sea imprescindible, antes o después de cenar, antes o después de ver un poco de televisión o de leer un libro, reflexionar un rato, dar un momento gracias, detenerse a cambiar impresiones, a renovar las fuerzas, a beber un largo sorbo de agua limpia. "Se ha hecho el silencio. Apenas percibimos las sonoras esquirlas de otras vidas. Por fin se hizo el silencio. Por fin está la casa sosegada."»
590 ## - NOTA LOCAL (RLIN)
Nota local Inventariado, 2024/ YL
910 ## - DATOS DE OPCIÓN DEL USUARIO (OCLC)
Datos de opción del usuario YLockward
942 ## - ELEMENTOS DE PUNTO DE ACCESO ADICIONAL (KOHA)
Fuente del sistema de clasificación o colocación Dewey Decimal Classification
Tipo de ítem Koha Libro
Holdings
Estado de retiro Estado de pérdida Fuente del sistema de clasificación o colocación Restricciones de uso No para préstamo Código de colección Localización permanente Ubicación/localización actual Ubicación en estantería Fecha de adquisición Fuente de adquisición Total de préstamos Signatura topográfica completa Código de barras Fecha visto por última vez Precio válido a partir de Tipo de ítem Koha
    Dewey Decimal Classification Préstamo en sala   General Biblioteca Nacional Pedro Henríquez Ureña Biblioteca Nacional Pedro Henríquez Ureña En catalogación 01.06.2012 Donación   G146 2024-3681 24.06.2024 24.06.2024 Libro

Powered by Koha